000 00620nam a2200193 4500
001 139852
003 ES-MaACL
005 20250830103943.0
007 t|
008 070214s1964 sp r ||||1| spa d
100 1 _aSchlesinger, Arthur M. (
_d1917-2007)
_9104410
245 1 3 _aEl legado de Kennedy /
_cpor Arthur M. Schlesinger, Jr.
260 _aMadrid :
_bServicio de Información de los E. E. U. U.,
_c1964.
300 _a8 h. ;
_c21 cm.
710 1 _aEstados Unidos.
_bEmbassy (EspaƱa)
_94025
852 _aES-MaACL
_j2040-F-18
_bR.55378
852 _aES-MaACL
_j2040-F-17
_bR.55639
999 _c139852
_d139852